<?xml version="1.0" encoding="UTF-8"?>
<collection xmlns="http://www.loc.gov/MARC21/slim">
 <record>
  <leader>02994nam a22003257a 4500</leader>
  <controlfield tag="001">NCT_76084</controlfield>
  <controlfield tag="008">200309b        xxu||||| |||| 00| 0 vie d</controlfield>
  <datafield tag="999" ind1=" " ind2=" ">
   <subfield code="c">3708</subfield>
   <subfield code="d">3708</subfield>
  </datafield>
  <datafield tag="020" ind1=" " ind2=" ">
   <subfield code="a">9786045874240</subfield>
   <subfield code="c">79000</subfield>
  </datafield>
  <datafield tag="082" ind1="0" ind2="4">
   <subfield code="2">23rd ed.</subfield>
   <subfield code="a">658.81</subfield>
   <subfield code="b">P655</subfield>
  </datafield>
  <datafield tag="100" ind1="1" ind2=" ">
   <subfield code="a">Pink, Daniel H.</subfield>
  </datafield>
  <datafield tag="245" ind1="1" ind2="0">
   <subfield code="a">Giải pháp bán hàng 4.0</subfield>
   <subfield code="b">: Lĩnh hội những &quot;Vũ khí tối thượng&quot; từ Daniel H. Pink = To sell is human: The surprising Truth About Moving Others</subfield>
   <subfield code="c">Daniel H. Pink; Thiên Quang (dịch)</subfield>
  </datafield>
  <datafield tag="250" ind1=" " ind2=" ">
   <subfield code="a">Tái bản lần thứ 1</subfield>
  </datafield>
  <datafield tag="260" ind1=" " ind2=" ">
   <subfield code="a">Tp. Hồ Chí Minh</subfield>
   <subfield code="b">Tổng hợp tp. Hồ Chí Minh</subfield>
   <subfield code="c">2018</subfield>
  </datafield>
  <datafield tag="300" ind1=" " ind2=" ">
   <subfield code="a">261 tr.</subfield>
   <subfield code="c">21cm</subfield>
  </datafield>
  <datafield tag="520" ind1="3" ind2=" ">
   <subfield code="a">Trình bày các luận điểm một cách tổng quan về lĩnh vực bán hàng. Đồng thời, tác giả đã chỉ ra ba phẩm chất có giá trị nhất hiện nay trong việc tác động đến người khác (hoà hợp, hăng hái, rõ ràng) và những việc phải làm nhằm tác động đến người khác hiệu quả hơn. Các nhà lãnh đạo - ít nhất là những ai muốn tác động đến người khác - nên đọc cuốn sách này.</subfield>
  </datafield>
  <datafield tag="653" ind1=" " ind2=" ">
   <subfield code="a">Quản trị kinh doanh</subfield>
  </datafield>
  <datafield tag="700" ind1="0" ind2=" ">
   <subfield code="a">Thiên Quang</subfield>
   <subfield code="e">Dịch</subfield>
  </datafield>
  <datafield tag="942" ind1=" " ind2=" ">
   <subfield code="2">ddc</subfield>
   <subfield code="c">BK</subfield>
  </datafield>
  <datafield tag="952" ind1=" " ind2=" ">
   <subfield code="0">0</subfield>
   <subfield code="1">0</subfield>
   <subfield code="2">ddc</subfield>
   <subfield code="4">0</subfield>
   <subfield code="6">658_810000000000000_P655</subfield>
   <subfield code="7">0</subfield>
   <subfield code="9">19003</subfield>
   <subfield code="a">000001</subfield>
   <subfield code="b">000001</subfield>
   <subfield code="d">2020-03-09</subfield>
   <subfield code="l">2</subfield>
   <subfield code="o">658.81 P655</subfield>
   <subfield code="p">MD.16797</subfield>
   <subfield code="q">2022-02-26</subfield>
   <subfield code="r">2022-02-11</subfield>
   <subfield code="s">2022-02-11</subfield>
   <subfield code="v">79000.00</subfield>
   <subfield code="w">2020-03-09</subfield>
   <subfield code="y">BK</subfield>
  </datafield>
  <datafield tag="952" ind1=" " ind2=" ">
   <subfield code="0">0</subfield>
   <subfield code="1">0</subfield>
   <subfield code="2">ddc</subfield>
   <subfield code="4">0</subfield>
   <subfield code="6">658_810000000000000_P655</subfield>
   <subfield code="7">0</subfield>
   <subfield code="9">19004</subfield>
   <subfield code="a">000001</subfield>
   <subfield code="b">000001</subfield>
   <subfield code="d">2020-03-09</subfield>
   <subfield code="o">658.81 P655</subfield>
   <subfield code="p">MD.16798</subfield>
   <subfield code="r">2020-03-09</subfield>
   <subfield code="v">79000.00</subfield>
   <subfield code="w">2020-03-09</subfield>
   <subfield code="y">BK</subfield>
  </datafield>
  <datafield tag="952" ind1=" " ind2=" ">
   <subfield code="0">0</subfield>
   <subfield code="1">0</subfield>
   <subfield code="2">ddc</subfield>
   <subfield code="4">0</subfield>
   <subfield code="6">658_810000000000000_P655</subfield>
   <subfield code="7">0</subfield>
   <subfield code="9">19005</subfield>
   <subfield code="a">000001</subfield>
   <subfield code="b">000001</subfield>
   <subfield code="d">2020-03-09</subfield>
   <subfield code="o">658.81 P655</subfield>
   <subfield code="p">MD.16799</subfield>
   <subfield code="r">2020-03-09</subfield>
   <subfield code="v">79000.00</subfield>
   <subfield code="w">2020-03-09</subfield>
   <subfield code="y">BK</subfield>
  </datafield>
  <datafield tag="952" ind1=" " ind2=" ">
   <subfield code="0">0</subfield>
   <subfield code="1">0</subfield>
   <subfield code="2">ddc</subfield>
   <subfield code="4">0</subfield>
   <subfield code="6">658_810000000000000_P655</subfield>
   <subfield code="7">0</subfield>
   <subfield code="9">19006</subfield>
   <subfield code="a">000001</subfield>
   <subfield code="b">000001</subfield>
   <subfield code="d">2020-03-09</subfield>
   <subfield code="o">658.81 P655</subfield>
   <subfield code="p">MD.16800</subfield>
   <subfield code="r">2020-03-09</subfield>
   <subfield code="v">79000.00</subfield>
   <subfield code="w">2020-03-09</subfield>
   <subfield code="y">BK</subfield>
  </datafield>
  <datafield tag="952" ind1=" " ind2=" ">
   <subfield code="0">0</subfield>
   <subfield code="1">0</subfield>
   <subfield code="2">ddc</subfield>
   <subfield code="4">0</subfield>
   <subfield code="6">658_810000000000000_P655</subfield>
   <subfield code="7">0</subfield>
   <subfield code="9">19007</subfield>
   <subfield code="a">000001</subfield>
   <subfield code="b">000001</subfield>
   <subfield code="d">2020-03-09</subfield>
   <subfield code="o">658.81 P655</subfield>
   <subfield code="p">MD.16801</subfield>
   <subfield code="r">2020-03-09</subfield>
   <subfield code="v">79000.00</subfield>
   <subfield code="w">2020-03-09</subfield>
   <subfield code="y">BK</subfield>
  </datafield>
  <datafield tag="952" ind1=" " ind2=" ">
   <subfield code="0">0</subfield>
   <subfield code="1">0</subfield>
   <subfield code="2">ddc</subfield>
   <subfield code="4">0</subfield>
   <subfield code="6">658_810000000000000_P655</subfield>
   <subfield code="7">0</subfield>
   <subfield code="9">19008</subfield>
   <subfield code="a">000001</subfield>
   <subfield code="b">000001</subfield>
   <subfield code="d">2020-03-09</subfield>
   <subfield code="l">1</subfield>
   <subfield code="o">658.81 P655</subfield>
   <subfield code="p">MD.16802</subfield>
   <subfield code="r">2020-06-22</subfield>
   <subfield code="s">2020-06-11</subfield>
   <subfield code="v">79000.00</subfield>
   <subfield code="w">2020-03-09</subfield>
   <subfield code="y">BK</subfield>
  </datafield>
  <datafield tag="952" ind1=" " ind2=" ">
   <subfield code="0">0</subfield>
   <subfield code="1">0</subfield>
   <subfield code="2">ddc</subfield>
   <subfield code="4">0</subfield>
   <subfield code="6">658_810000000000000_P655</subfield>
   <subfield code="7">0</subfield>
   <subfield code="9">19009</subfield>
   <subfield code="a">000001</subfield>
   <subfield code="b">000001</subfield>
   <subfield code="d">2020-03-09</subfield>
   <subfield code="o">658.81 P655</subfield>
   <subfield code="p">MD.16803</subfield>
   <subfield code="r">2020-03-09</subfield>
   <subfield code="v">79000.00</subfield>
   <subfield code="w">2020-03-09</subfield>
   <subfield code="y">BK</subfield>
  </datafield>
  <datafield tag="952" ind1=" " ind2=" ">
   <subfield code="0">0</subfield>
   <subfield code="1">0</subfield>
   <subfield code="2">ddc</subfield>
   <subfield code="4">0</subfield>
   <subfield code="6">658_810000000000000_P655</subfield>
   <subfield code="7">0</subfield>
   <subfield code="9">19010</subfield>
   <subfield code="a">000001</subfield>
   <subfield code="b">000001</subfield>
   <subfield code="d">2020-03-09</subfield>
   <subfield code="l">1</subfield>
   <subfield code="o">658.81 P655</subfield>
   <subfield code="p">MD.16804</subfield>
   <subfield code="r">2021-01-22</subfield>
   <subfield code="s">2021-01-15</subfield>
   <subfield code="v">79000.00</subfield>
   <subfield code="w">2020-03-09</subfield>
   <subfield code="y">BK</subfield>
  </datafield>
  <datafield tag="952" ind1=" " ind2=" ">
   <subfield code="0">0</subfield>
   <subfield code="1">0</subfield>
   <subfield code="2">ddc</subfield>
   <subfield code="4">0</subfield>
   <subfield code="6">658_810000000000000_P655</subfield>
   <subfield code="7">0</subfield>
   <subfield code="9">19011</subfield>
   <subfield code="a">000001</subfield>
   <subfield code="b">000001</subfield>
   <subfield code="d">2020-03-09</subfield>
   <subfield code="o">658.81 P655</subfield>
   <subfield code="p">MD.16805</subfield>
   <subfield code="r">2020-03-09</subfield>
   <subfield code="v">79000.00</subfield>
   <subfield code="w">2020-03-09</subfield>
   <subfield code="y">BK</subfield>
  </datafield>
  <datafield tag="952" ind1=" " ind2=" ">
   <subfield code="0">0</subfield>
   <subfield code="1">0</subfield>
   <subfield code="2">ddc</subfield>
   <subfield code="4">0</subfield>
   <subfield code="6">658_810000000000000_P655</subfield>
   <subfield code="7">0</subfield>
   <subfield code="9">19012</subfield>
   <subfield code="a">000001</subfield>
   <subfield code="b">000001</subfield>
   <subfield code="d">2020-03-09</subfield>
   <subfield code="o">658.81 P655</subfield>
   <subfield code="p">MD.16806</subfield>
   <subfield code="r">2020-03-09</subfield>
   <subfield code="v">79000.00</subfield>
   <subfield code="w">2020-03-09</subfield>
   <subfield code="y">BK</subfield>
  </datafield>
  <datafield tag="980" ind1=" " ind2=" ">
   <subfield code="a">Thư viện Trường Đại học Nam Cần Thơ</subfield>
  </datafield>
 </record>
</collection>
